Statistics for European Geography by Letter - G

Click here to take the quiz!

General Stats

  • This quiz has been taken 143 times
    (110 since last reset)
  • The average score is 15 of 20

Answer Stats

HintAnswer% Correct
Largest city in ScotlandGlasgow
99%
Swiss city and centre of international diplomacyGeneva
98%
Country which reunified in 1990 after being divided by the Cold WarGermany
98%
British overseas territory that borders SpainGibraltar
98%
Country where the ancient Olympic games originated, and the first edition of the modern Olympics was held in 1896Greece
98%
Main island of the United KingdomGreat Britain
95%
Second-largest city in SwedenGothenburg
94%
Italian city that was once one of the strongest naval powers in EuropeGenoa
93%
Polish city formerly known as DanzigGdansk
91%
English town with an observatory where the prime meridian was establishedGreenwich
91%
Name for what is now mostly France in the time of the Romans and beforeGaul
89%
One of the three largest language families of Europe, including English, Dutch, Danish, and moreGermanic
83%
British Crown Dependency off the coast of NormandyGuernsey
83%
Autonomous community of Spain north of Portugal, which speaks a language related to PortugueseGalicia
70%
Largest island in SwedenGotland
65%
Largest city in the French AlpsGrenoble
61%
Northernmost province of the Netherlands and its capital cityGroningen
51%
Second-largest island of MaltaGozo
47%
Autonomous region of Moldova, home of a Turkic-speaking ethnic groupGagauzia
17%
River that defines the southern section of the border between Spain and PortugalGuadiana
12%

Score Distribution

Percentile by Number Answered

Percent of People with Each Score

Your Score History

You have not taken this quiz since the last reset